L'incontro con Cristo nella Chiesa Evangelizzazione e sacramenti

Salvato in:
Dettagli Bibliografici
Natura: Libro
Lingua:lingua imprecisata
Pubblicazione: Cenac
Tags: Aggiungi Tag
Nessun Tag, puoi essere il primo ad aggiungerne!!

MARC

LEADER 00000nam a2200000Ia 4500
001 R-81
003 CODICE-MESSINA
005 20260212102446.0
008 260211s9999 xx 000 0 und d
040 |c importazione_messina 
245 0 |a L'incontro con Cristo nella Chiesa 
245 0 |b Evangelizzazione e sacramenti 
260 |b Cenac 
942 |2 ddc  |c BK 
952 |0 0  |1 0  |2 ddc  |4 0  |6 SCAFFALE_1_000000000000000__RELIGIONE  |7 0  |9 30898  |a ME  |b ME  |d 2026-02-11  |l 0  |o SCAFFALE 1 - RELIGIONE  |p R-81  |r 2026-02-11 23:52:12  |w 2026-02-11  |x [REVISIONARE]  |y BK 
999 |c 26562  |d 26562